000 00582nam a22001937a 4500
999 _c166690
_d166690
005 20190805114515.0
010 _aENG-126127
020 _a9780199491490
_c845.00
035 _aEN-109659
037 _bDBAD/PUB
082 _a181.4
100 _aAllen,Douglas
245 _aGandhi after 9/11:
_cby Douglas Allen
_bcreative nonviolence and sustainability/
260 _bOxford University Press
_c2019
_aNew Delhi
270 _a2/11 Ground Floor,Ansari Road,Daryaganj
300 _a277p.
_c21cm(Hb)
500 _aincludes index
942 _2ddc
_cEN
_h181.4
_mALL